[Event "FIN-chT1B 1819"]
[Site "Finland"]
[Date "2019.02.09"]
[Round "6.1"]
[White "Ronka, Erik"]
[Black "Nouro, Mikael"]
[Result "0-1"]
[WhiteElo "2277"]
[BlackElo "2306"]
[PlyCount "72"]
[EventDate "2018.09.15"]
[EventType "team-tourn"]
[EventRounds "7"]
[EventCountry "FIN"]
[SourceTitle "EXT 2020"]
[Source "ChessBase"]
[SourceDate "2019.10.17"]
[SourceVersion "1"]
[SourceVersionDate "2019.10.17"]
[SourceQuality "1"]
[WhiteTeam "Kuopio KSY"]
[BlackTeam "Vantaa Gambitti"]
[WhiteTeamCountry "FIN"]
[BlackTeamCountry "FIN"]

1. d4 Nf6 2. c4 d6 3. Nc3 e5 4. d5 Bf5 5. g3 Be7 6. Bg2 0-0 7. e4 Bd7 8. Nf3 Na6 9. 0-0 Qc8 10. Rb1 Nc5 11. Re1 a5 12. b3 h6 13. a3 Nh7 14. b4 axb4 15. axb4 Na4 16. Nxa4 Rxa4 17. b5 Rxc4 18. Bf1 Rc3 19. Bb2 Rxf3 20. Qxf3 f5 21. h4 fxe4 22. Qc3 Nf6 23. Rbc1 Bd8 24. b6 c6 25. dxc6 Bxc6 26. Rcd1 Kh8 27. Rxd6 Bxb6 28. Re2 Re8 29. Qb3 Bc5 30. Rd1 Qf5 31. Ba3 Bd4 32. Bb2 Rd8 33. Bc3 Ng4 34. Be1 e3 35. fxe3 Qf3 36. Rg2 Bxe3+ 0-1

[Event "FIN-chT1B 1819"]
[Site "Finland"]
[Date "2018.09.15"]
[Round "1.1"]
[White "Makinen, Ville"]
[Black "Nouro, Mikael"]
[Result "0-1"]
[WhiteElo "1983"]
[BlackElo "2306"]
[PlyCount "130"]
[EventDate "2018.09.15"]
[EventType "team-tourn"]
[EventRounds "7"]
[EventCountry "FIN"]
[SourceTitle "EXT 2020"]
[Source "ChessBase"]
[SourceDate "2019.10.17"]
[SourceVersion "1"]
[SourceVersionDate "2019.10.17"]
[SourceQuality "1"]
[WhiteTeam "Helsinki HSK II"]
[BlackTeam "Vantaa Gambitti"]
[WhiteTeamCountry "FIN"]
[BlackTeamCountry "FIN"]

1. d4 Nf6 2. Nf3 g6 3. e3 Bg7 4. Be2 0-0 5. 0-0 d6 6. b3 e5 7. Bb2 Re8 8. dxe5 Ng4 9. h3 Nxe5 10. Nxe5 Bxe5 11. Bxe5 Rxe5 12. Nd2 Nc6 13. Nf3 Re8 14. Bb5 Bd7 15. Bxc6 Bxc6 16. Nd4 Bd7 17. c4 Qg5 18. Nf3 Qe7 19. Qd4 Bc6 20. Qf4 Bxf3 21. Qxf3 Qe4 22. Qxe4 Rxe4 23. Rfd1 a5 24. Kf1 a4 25. Ke2 f5 26. Kd3 Kf7 27. Kc3 Ke6 28. b4 b5 29. cxb5 Rb8 30. Rd4 Rxb5 31. Rad1 Rb6 32. Rxe4+ fxe4 33. Rd4 d5 34. f3 exf3 35. gxf3 Ke5 36. Kd3 Rf6 37. Ke2 c6 38. Rh4 Rf7 39. Kd3 h5 40. Ke2 a3 41. Rd4 Rb7 42. Kd1 Kd6 43. Kc2 g5 44. h4 Rf7 45. hxg5 Rxf3 46. Rh4 Rxe3 47. Rxh5 Rg3 48. Rh6+ Kc7 49. Rg6 Kb6 50. Rg8 Kb5 51. Rb8+ Kc4 52. Rc8 Rg2+ 53. Kb1 Kb5 54. Rb8+ Ka4 55. Rc8 Rb2+ 56. Ka1 Rg2 57. Kb1 Rxg5 58. Rxc6 Rg1+ 59. Kc2 Ra1 60. Rd6 Rxa2+ 61. Kc1 Rh2 62. Rxd5 a2 63. Ra5+ Kb3 64. b5 Rh1+ 65. Kd2 a1Q 0-1

[Event "FIN-chT1B 1718"]
[Site "Finland"]
[Date "2017.09.16"]
[Round "1.1"]
[White "Chernyak, Viktoria"]
[Black "Nouro, Mikael"]
[Result "1/2-1/2"]
[WhiteElo "2267"]
[BlackElo "2305"]
[PlyCount "116"]
[EventDate "2017.09.16"]
[EventType "team-tourn"]
[EventRounds "7"]
[EventCountry "FIN"]
[SourceTitle "EXT 2020"]
[Source "ChessBase"]
[SourceDate "2019.10.17"]
[SourceVersion "1"]
[SourceVersionDate "2019.10.17"]
[SourceQuality "1"]
[WhiteTeam "Espoo ESK"]
[BlackTeam "Helsinki Garde"]
[WhiteTeamCountry "FIN"]
[BlackTeamCountry "FIN"]

1. Nf3 d5 2. g3 g6 3. c4 d4 4. Bg2 Bg7 5. 0-0 e5 6. d3 Ne7 7. Na3 0-0 8. Nc2 a5 9. b3 Nbc6 10. a3 Bf5 11. Rb1 Qd7 12. Ng5 Rab8 13. b4 axb4 14. Nxb4 Na5 15. Bd2 h6 16. Ne4 Kh7 17. Qc1 f6 18. Qb2 b6 19. Na6 Ra8 20. Bxa5 Rxa6 21. Bb4 Be6 22. c5 f5 23. Nd2 Rb8 24. Qc2 b5 25. Rfc1 c6 26. Re1 Bd5 27. Bh3 g5 28. e4 dxe3 29. Rxe3 g4 30. Bf1 Bf7 31. Ree1 Bg6 32. Bc3 Nd5 33. Bxe5 Rba8 34. Bxg7 Qxg7 35. Bg2 Rxa3 36. Bxd5 cxd5 37. c6 Rc3 38. Qb2 Rxc6 39. Qxb5 Rc2 40. Qxd5 Ra7 41. Nc4 Rd7 42. Qe6 Qd4 43. Ne3 Rd2 44. Rb8 Rf7 45. Qc8 h5 46. Reb1 Rxd3 47. R8b7 Rxb7 48. Rxb7+ Kh6 49. Qc6 Qa1+ 50. Kg2 Qe5 51. Qc8 Qe4+ 52. Kg1 Rxe3 53. Qh8+ Kg5 54. Qd8+ Kh6 55. Qf8+ Kg5 56. Qd8+ Kh6 57. Qh8+ Kg5 58. Qd8+ Kh6 1/2-1/2

[Event "FIN-chT 1516"]
[Site "Finland"]
[Date "2015.11.08"]
[Round "6.2"]
[White "Nouro, Mikael"]
[Black "Sarwer, Jeff"]
[Result "1-0"]
[WhiteElo "2320"]
[BlackElo "2344"]
[PlyCount "79"]
[EventDate "2015.09.12"]
[EventType "team-tourn"]
[EventRounds "11"]
[EventCountry "FIN"]
[SourceTitle "EXT 2017"]
[Source "ChessBase"]
[SourceDate "2016.10.25"]
[SourceVersion "1"]
[SourceVersionDate "2016.10.25"]
[SourceQuality "1"]
[WhiteTeam "Helsinki Garde"]
[BlackTeam "Kotka KymS"]
[WhiteTeamCountry "FIN"]
[BlackTeamCountry "FIN"]

1. e4 Nc6 2. Nc3 e5 3. Nf3 Bc5 4. Bc4 Nf6 5. d3 h6 6. Be3 d6 7. Bxc5 dxc5 8. Bb5 Qd6 9. Bxc6+ bxc6 10. Nd2 0-0 11. 0-0 Bg4 12. Qe1 Nh5 13. Nc4 Qe7 14. Qe3 Nf4 15. Kh1 f6 16. Na5 Bd7 17. Na4 Rab8 18. Qxc5 Qf7 19. Qe3 Qh5 20. b3 Rb5 21. Nc4 f5 22. f3 Qg6 23. Rf2 Qf6 24. Nc3 Nh5 25. exf5 Rbb8 26. g4 Nf4 27. Ne4 Qh4 28. Nxe5 Nd5 29. Qe1 Be8 30. Rf1 Qe7 31. d4 c5 32. Nxc5 h5 33. Ne6 Rf6 34. c4 Nb4 35. Qd2 c5 36. d5 Qd6 37. Rae1 hxg4 38. fxg4 Rh6 39. Qf2 Rh3 40. Qxc5 1-0

[Event "FIN-chT 1516"]
[Site "Finland"]
[Date "2015.10.11"]
[Round "4.1"]
[White "Kanep, Meelis"]
[Black "Nouro, Mikael"]
[Result "1-0"]
[WhiteElo "2507"]
[BlackElo "2320"]
[PlyCount "73"]
[EventDate "2015.09.12"]
[EventType "team-tourn"]
[EventRounds "11"]
[EventCountry "FIN"]
[SourceTitle "EXT 2017"]
[Source "ChessBase"]
[SourceDate "2016.10.25"]
[SourceVersion "1"]
[SourceVersionDate "2016.10.25"]
[SourceQuality "1"]
[WhiteTeam "Vantaa EtVaS"]
[BlackTeam "Helsinki Garde"]
[WhiteTeamCountry "FIN"]
[BlackTeamCountry "FIN"]

1. d4 Nf6 2. c4 e5 3. dxe5 Ne4 4. Qc2 Bb4+ 5. Nc3 d5 6. e3 Nc6 7. Nf3 0-0 8. Bd3 Nc5 9. Bxh7+ Kh8 10. Bf5 Bxc3+ 11. bxc3 dxc4 12. 0-0 Nd3 13. Bxc8 Rxc8 14. Rb1 b6 15. Qe2 Kg8 16. e4 Ncxe5 17. Ng5 Qf6 18. Be3 Nf4 19. Bxf4 Qxf4 20. Qh5 Rfd8 21. Rbe1 c5 22. Re3 Rc6 23. Nh3 Qf6 24. f4 Nd3 25. e5 Qh6 26. Qf3 Qe6 27. Ng5 Qd5 28. Qg4 Re8 29. Rg3 Rg6 30. h4 f6 31. Qh5 fxg5 32. Qxg6 Qf7 33. Qxg5 b5 34. h5 b4 35. h6 bxc3 36. hxg7 Re6 37. Qh4 1-0

[Event "FIN-chT 1516"]
[Site "Finland"]
[Date "2015.09.13"]
[Round "2.2"]
[White "Pohjala, Henri"]
[Black "Nouro, Mikael"]
[Result "1-0"]
[WhiteElo "2400"]
[BlackElo "2320"]
[PlyCount "83"]
[EventDate "2015.09.12"]
[EventType "team-tourn"]
[EventRounds "11"]
[EventCountry "FIN"]
[SourceTitle "EXT 2016"]
[Source "ChessBase"]
[SourceDate "2015.10.08"]
[SourceVersion "1"]
[SourceVersionDate "2015.10.08"]
[SourceQuality "1"]
[WhiteTeam "Tampere Tammer"]
[BlackTeam "Helsinki Garde"]
[WhiteTeamCountry "FIN"]
[BlackTeamCountry "FIN"]

1. d4 Nf6 2. Nf3 g6 3. g3 Bg7 4. Bg2 0-0 5. 0-0 d6 6. c4 c6 7. Nc3 Bf5 8. Ne1 Qc8 9. e4 Bh3 10. Nd3 Bxg2 11. Kxg2 b5 12. cxb5 cxb5 13. f3 Qc4 14. Be3 Nc6 15. Rc1 Nb4 16. Nxb4 Qxb4 17. Rf2 e6 18. Qb3 Qxb3 19. axb3 a6 20. Na2 Rfc8 21. Rfc2 Rxc2+ 22. Rxc2 d5 23. e5 Ne8 24. Bd2 f6 25. f4 Kf7 26. Ba5 g5 27. Rc6 gxf4 28. gxf4 Bf8 29. Nc3 Ra7 30. f5 fxe5 31. fxe6+ Kg6 32. e7+ Kf7 33. exf8Q+ Kxf8 34. dxe5 Kf7 35. Nxd5 Ng7 36. Rc7+ Rxc7 37. Nxc7 Nf5 38. e6+ Kf6 39. Bc3+ Ke7 40. Bb4+ Kd8 41. Nd5 Nd4 42. e7+ 1-0

[Event "FIN-chT1A 1415"]
[Site "Finland"]
[Date "2015.02.07"]
[Round "6.2"]
[White "Kinnunen, Kari"]
[Black "Nouro, Mikael"]
[Result "0-1"]
[WhiteElo "2164"]
[BlackElo "2316"]
[PlyCount "64"]
[EventDate "2014.09.27"]
[EventType "team-tourn"]
[EventRounds "7"]
[EventCountry "FIN"]
[SourceTitle "EXT 2017"]
[Source "ChessBase"]
[SourceDate "2016.10.25"]
[SourceVersion "1"]
[SourceVersionDate "2016.10.25"]
[SourceQuality "1"]
[WhiteTeam "Vaasa VSS"]
[BlackTeam "Helsinki Garde"]
[WhiteTeamCountry "FIN"]
[BlackTeamCountry "FIN"]

1. d4 Nf6 2. c4 d6 3. Nc3 e5 4. d5 Bf5 5. Nf3 Be7 6. g3 0-0 7. Nh4 Bd7 8. Bg2 c6 9. Qc2 cxd5 10. cxd5 Qc8 11. 0-0 b5 12. b4 a5 13. Qb3 axb4 14. Qxb4 Na6 15. Qb2 Qc4 16. a3 Nc5 17. Rb1 Nfe4 18. Nxe4 Nxe4 19. Qb4 Nc3 20. Qxc4 bxc4 21. Rb7 Nxe2+ 22. Kh1 Rfd8 23. Nf3 Bf8 24. Be3 Bf5 25. Ra1 Rdc8 26. Bf1 Nc3 27. Nd2 Nxd5 28. Bxc4 Rxc4 29. Nxc4 Nxe3 30. Rc7 Nxc4 31. Rxc4 d5 32. Rc7 Rxa3 0-1

[Event "FIN-chT1A 1415"]
[Site "Finland"]
[Date "2015.01.10"]
[Round "5.1"]
[White "Salo, Tapio"]
[Black "Nouro, Mikael"]
[Result "1-0"]
[WhiteElo "2283"]
[BlackElo "2316"]
[PlyCount "37"]
[EventDate "2014.09.27"]
[EventType "team-tourn"]
[EventRounds "7"]
[EventCountry "FIN"]
[SourceTitle "EXT 2017"]
[Source "ChessBase"]
[SourceDate "2016.10.25"]
[SourceVersion "1"]
[SourceVersionDate "2016.10.25"]
[SourceQuality "1"]
[WhiteTeam "Loimaa SK"]
[BlackTeam "Helsinki Garde"]
[WhiteTeamCountry "FIN"]
[BlackTeamCountry "FIN"]

1. Nf3 d5 2. d4 Nf6 3. c4 c5 4. cxd5 cxd4 5. Qxd4 Qxd5 6. Nc3 Qxd4 7. Nxd4 a6 8. Bg5 Nbd7 9. g3 h6 10. Be3 e5 11. Nc2 Nc5 12. Bg2 Bf5 13. Rc1 0-0-0 14. Bxc5 Bxc5 15. Na4 b6 16. Ne3 Bd7 17. Nxb6+ Kc7 18. Nxd7 Nxd7 19. b4 1-0

[Event "FIN-chT1A 1415"]
[Site "Finland"]
[Date "2014.11.16"]
[Round "4.3"]
[White "Nouro, Mikael"]
[Black "Lappalainen, Sasu"]
[Result "1-0"]
[WhiteElo "2316"]
[BlackElo "2078"]
[PlyCount "83"]
[EventDate "2014.09.27"]
[EventType "team-tourn"]
[EventRounds "7"]
[EventCountry "FIN"]
[SourceTitle "EXT 2017"]
[Source "ChessBase"]
[SourceDate "2016.10.25"]
[SourceVersion "1"]
[SourceVersionDate "2016.10.25"]
[SourceQuality "1"]
[WhiteTeam "Helsinki Garde"]
[BlackTeam "Vantaa Remi"]
[WhiteTeamCountry "FIN"]
[BlackTeamCountry "FIN"]

1. e4 d5 2. exd5 Qxd5 3. Nc3 Qd6 4. d4 Nf6 5. Nb5 Qb6 6. c4 c6 7. Nc3 g6 8. Nf3 Bg4 9. Be2 Bg7 10. 0-0 0-0 11. Be3 Qc7 12. h3 Bxf3 13. Bxf3 Nbd7 14. Re1 e5 15. d5 cxd5 16. cxd5 Qa5 17. Qb3 Nc5 18. Bxc5 Qxc5 19. Rxe5 Ng4 20. Ne4 Qd4 21. Re7 Ne5 22. Rxb7 Nxf3+ 23. gxf3 Qe5 24. d6 Qf4 25. Qe3 Qh4 26. Kg2 Bh6 27. Qd4 Bg7 28. Qd5 Rae8 29. Rb5 Re5 30. Qc6 f5 31. Rxe5 fxe4 32. Rxe4 Qh5 33. Rg4 Bxb2 34. Rd1 Kg7 35. d7 Bf6 36. Rd6 Bd8 37. Qc3+ Kg8 38. Qc4+ Rf7 39. Re6 Qf5 40. Re8+ Kg7 41. Qd4+ Kh6 42. Qe3+ 1-0

[Event "FIN-chT1A 1415"]
[Site "Finland"]
[Date "2014.11.15"]
[Round "3.3"]
[White "Nouro, Mikael"]
[Black "Koivunen, Jussi"]
[Result "1-0"]
[WhiteElo "2316"]
[BlackElo "2042"]
[PlyCount "87"]
[EventDate "2014.09.27"]
[EventType "team-tourn"]
[EventRounds "7"]
[EventCountry "FIN"]
[SourceTitle "EXT 2017"]
[Source "ChessBase"]
[SourceDate "2016.10.25"]
[SourceVersion "1"]
[SourceVersionDate "2016.10.25"]
[SourceQuality "1"]
[WhiteTeam "Helsinki Garde"]
[BlackTeam "Pori PSY"]
[WhiteTeamCountry "FIN"]
[BlackTeamCountry "FIN"]

1. e4 c6 2. Nc3 d5 3. Nf3 dxe4 4. Ng5 Nf6 5. Bc4 e6 6. Qe2 Be7 7. 0-0 0-0 8. a4 h6 9. Ngxe4 Nxe4 10. Nxe4 Nd7 11. Re1 Nf6 12. Nxf6+ Bxf6 13. Ra3 e5 14. Rg3 Bh4 15. Re3 Bf6 16. b3 Bf5 17. Bd3 Bxd3 18. Rxd3 Qc7 19. Re3 Rad8 20. Bb2 Rfe8 21. d3 Rd5 22. f4 Qb6 23. Kh1 Re6 24. fxe5 Bg5 25. Re4 Qa5 26. Rf1 Rd7 27. Qf2 Qd2 28. Re2 Qa5 29. Qf3 Qd5 30. Re4 a6 31. d4 b5 32. h4 Bd8 33. Rf4 Qxf3 34. R1xf3 bxa4 35. bxa4 Rb7 36. Rb3 Ree7 37. Rff3 Ba5 38. Kh2 Be1 39. h5 Bd2 40. Kh3 Be1 41. Kg4 Bd2 42. Kf5 Ba5 43. Ba3 Red7 44. Bc5 1-0

[Event "FIN-chT 1314"]
[Site "Finland"]
[Date "2013.11.02"]
[Round "5.1"]
[White "Nouro, Mikael"]
[Black "Novik, Maxim"]
[Result "0-1"]
[WhiteElo "2314"]
[BlackElo "2462"]
[PlyCount "108"]
[EventDate "2013.09.21"]
[EventType "team-tourn"]
[EventRounds "11"]
[EventCountry "FIN"]
[SourceTitle "EXT 2014"]
[Source "ChessBase"]
[SourceDate "2013.11.20"]
[SourceVersion "1"]
[SourceVersionDate "2013.11.20"]
[SourceQuality "1"]
[WhiteTeam "Helsinki Garde"]
[BlackTeam "Jyvaskyla JyS"]
[WhiteTeamCountry "FIN"]
[BlackTeamCountry "FIN"]

1. e4 c6 2. d4 d5 3. f3 e6 4. Nc3 Qb6 5. a3 Nf6 6. Be3 Be7 7. Bd3 0-0 8. Nge2 dxe4 9. fxe4 e5 10. Qd2 Ng4 11. Bg1 Qd8 12. dxe5 Bh4+ 13. g3 Nxe5 14. 0-0-0 Bg5 15. Nf4 Bg4 16. Be2 Qxd2+ 17. Rxd2 Bxe2 18. Ncxe2 Nbd7 19. Nd4 Nf6 20. h4 Bxf4 21. gxf4 Ng6 22. f5 Ne5 23. Bh2 Rfe8 24. Re2 Rad8 25. Ne6 fxe6 26. Bxe5 Ng4 27. Bc3 exf5 28. Rf1 Rxe4 29. Rxe4 fxe4 30. Rf4 Ne3 31. Bd2 Nc4 32. Bc3 Re8 33. Rg4 Re7 34. Bb4 Ne3 35. Rg1 Rf7 36. Bc5 Nf5 37. Bxa7 Nxh4 38. Rg4 Nf3 39. Rxe4 g5 40. a4 h5 41. Kd1 Kg7 42. Ke2 g4 43. b4 Kg6 44. c4 Kf5 45. Re3 h4 46. Bb8 Nd4+ 47. Kf2 Kg5+ 48. Kg1 Nf3+ 49. Kg2 Rd7 50. b5 Rd2+ 51. Kf1 Ra2 52. Re7 g3 53. Rg7+ Kf6 54. Rg8 Rf2# 0-1

[Event "FIN Team Cup"]
[Site "Finland"]
[Date "2013.08.10"]
[Round "4.1"]
[White "Nouro, Mikael"]
[Black "Ebeling, Daniel"]
[Result "1/2-1/2"]
[WhiteElo "2314"]
[BlackElo "2368"]
[PlyCount "51"]
[EventDate "2013.04.06"]
[EventType "team-k.o."]
[EventRounds "6"]
[EventCountry "FIN"]
[SourceTitle "EXT 2022"]
[Source "ChessBase"]
[SourceDate "2021.10.06"]
[SourceVersion "1"]
[SourceVersionDate "2021.10.06"]
[SourceQuality "1"]
[WhiteTeam "Helsinki Garde"]
[BlackTeam "Espoo MatSK"]
[WhiteTeamCountry "FIN"]
[BlackTeamCountry "FIN"]

1. e4 e5 2. Nf3 Nc6 3. Bc4 Bc5 4. Nc3 Nf6 5. d3 d6 6. Bg5 h6 7. Bxf6 Qxf6 8. Nd5 Qd8 9. c3 a6 10. d4 Ba7 11. dxe5 dxe5 12. Qe2 Be6 13. Rd1 Qb8 14. Nb4 Bxc4 15. Qxc4 0-0 16. Nxc6 bxc6 17. Nxe5 Qxb2 18. 0-0 Qb5 19. Qxb5 cxb5 20. Nc6 Bb6 21. Rfe1 Rfe8 22. e5 Re6 23. Nd4 Re7 24. Nc6 Re6 25. Nd4 Re7 26. Nc6 1/2-1/2

[Event "FIN-chT1 East 1213"]
[Site "Finland"]
[Date "2013.01.12"]
[Round "5.2"]
[White "Lehtisalo, Marko"]
[Black "Nouro, Mikael"]
[Result "1/2-1/2"]
[WhiteElo "2090"]
[BlackElo "2322"]
[PlyCount "30"]
[EventDate "2012.09.29"]
[EventType "team-tourn"]
[EventRounds "7"]
[EventCountry "FIN"]
[SourceTitle "EXT 2019"]
[Source "ChessBase"]
[SourceDate "2018.10.10"]
[SourceVersion "1"]
[SourceVersionDate "2018.10.10"]
[SourceQuality "1"]
[WhiteTeam "Helsinki HSK"]
[BlackTeam "Helsinki Garde"]
[WhiteTeamCountry "FIN"]
[BlackTeamCountry "FIN"]

1. e4 e5 2. Nf3 Nc6 3. Bb5 f5 4. d3 fxe4 5. dxe4 Nf6 6. 0-0 d6 7. Qd3 Be7 8. Qc4 a6 9. Bxc6+ bxc6 10. Nc3 d5 11. Qxc6+ Bd7 12. Qb7 Rb8 13. Qa7 Ra8 14. Qb7 Rb8 15. Qa7 Ra8 1/2-1/2

[Event "FIN-ch"]
[Site "Helsinki"]
[Date "2012.06.19"]
[Round "9"]
[White "Torkkola, Henri"]
[Black "Nouro, Mikael"]
[Result "1/2-1/2"]
[WhiteElo "2127"]
[BlackElo "2330"]
[PlyCount "163"]
[EventDate "2012.06.11"]
[EventType "tourn"]
[EventRounds "11"]
[EventCountry "FIN"]
[EventCategory "4"]
[SourceTitle "CBM 149 Extra"]
[Source "ChessBase"]
[SourceDate "2012.08.24"]
[SourceVersion "1"]
[SourceVersionDate "2012.08.24"]
[SourceQuality "1"]

1. Nf3 d5 2. c4 d4 3. g3 Nc6 4. Bg2 g6 5. 0-0 Bg7 6. e3 Nh6 7. d3 0-0 8. Qe2 e5 9. e4 f5 10. Bxh6 Bxh6 11. exf5 Bxf5 12. Nh4 Bd7 13. Nd2 g5 14. Bd5+ Kh8 15. Ng2 Qe7 16. Rae1 Rae8 17. Qh5 Qg7 18. Be4 g4 19. f4 exf4 20. gxf4 Ne7 21. Kh1 c6 22. c5 Nd5 23. Bxd5 Rxe1 24. Rxe1 cxd5 25. Qh4 Qf6 26. Qxf6+ Rxf6 27. Re7 Bc6 28. b4 Bf8 29. Re5 a5 30. a3 axb4 31. axb4 Bg7 32. Re7 Rf8 33. Re1 Ra8 34. Rb1 Bb5 35. Ne1 Ra2 36. Nb3 Bh6 37. Nxd4 Be8 38. Ng2 Rd2 39. b5 Bg7 40. Ne6 Bxb5 41. Nxg7 Bxd3 42. Rxb7 Be4 43. Kg1 d4 44. Re7 Rxg2+ 45. Kf1 Bc6 46. Nf5 Rd2 47. Ke1 Rxh2 48. Rc7 Bd5 49. Rc8+ Bg8 50. c6 Rc2 51. c7 h5 52. Ne7 Kh7 53. Nxg8 Kg6 54. Ne7+ Kf7 55. Nd5 g3 56. Kf1 d3 57. Rh8 Rc1+ 58. Kg2 Rc2+ 59. Kxg3 d2 60. Ne3 Rc3 61. c8Q Rxe3+ 62. Kh4 d1Q 63. Qf5+ Ke7 64. Rh7+ Kd8 65. Qa5+ Ke8 66. Qa8+ Qd8+ 67. Qxd8+ Kxd8 68. Rxh5 Ke7 69. Kg5 Ra3 70. Kg6 Rg3+ 71. Rg5 Ra3 72. Rb5 Rg3+ 73. Kf5 Ra3 74. Rb7+ Kf8 75. Kf6 Ra6+ 76. Kg5 Rc6 77. Rh7 Kg8 78. Rh6 Rc1 79. Rd6 Kf7 80. Rd7+ Ke6 81. Ra7 Rg1+ 82. Kh6 1/2-1/2

[Event "FIN-ch"]
[Site "Helsinki"]
[Date "2012.06.18"]
[Round "8"]
[White "Nouro, Mikael"]
[Black "Nyysti, Sampsa"]
[Result "1/2-1/2"]
[WhiteElo "2330"]
[BlackElo "2341"]
[PlyCount "78"]
[EventDate "2012.06.11"]
[EventType "tourn"]
[EventRounds "11"]
[EventCountry "FIN"]
[EventCategory "4"]
[SourceTitle "CBM 149 Extra"]
[Source "ChessBase"]
[SourceDate "2012.08.24"]
[SourceVersion "1"]
[SourceVersionDate "2012.08.24"]
[SourceQuality "1"]

1. e4 c5 2. Nf3 e6 3. d4 cxd4 4. Nxd4 Nc6 5. Nc3 Qc7 6. g3 a6 7. Bg2 Nf6 8. 0-0 h5 9. Re1 Nxd4 10. Qxd4 Bc5 11. Bf4 d6 12. Qd2 Ng4 13. Nd1 e5 14. Bg5 f6 15. Be3 Nxe3 16. Nxe3 Be6 17. c3 h4 18. Rad1 0-0-0 19. b4 Ba7 20. c4 Kb8 21. b5 Bd4 22. bxa6 bxa6 23. Nf5 hxg3 24. Nxd4 gxh2+ 25. Kh1 exd4 26. Rb1+ Ka7 27. Qxd4+ Qc5 28. Qxc5+ dxc5 29. e5 Rd7 30. exf6 Bxc4 31. Re7 Rxe7 32. fxe7 a5 33. Rc1 Bxa2 34. Rxc5 Kb6 35. Rc6+ Kb5 36. Rg6 Kc5 37. Rc6+ Kb5 38. Rg6 Kc5 39. Rc6+ Kb5 1/2-1/2

[Event "FIN-chT1A 1112"]
[Site "Finland"]
[Date "2011.11.19"]
[Round "3.2"]
[White "Nouro, Mikael"]
[Black "Eklund, Kari"]
[Result "1/2-1/2"]
[WhiteElo "2334"]
[BlackElo "2179"]
[PlyCount "97"]
[EventDate "2011.09.17"]
[EventType "team-tourn"]
[EventRounds "7"]
[EventCountry "FIN"]
[SourceTitle "EXT 2019"]
[Source "ChessBase"]
[SourceDate "2018.10.10"]
[SourceVersion "1"]
[SourceVersionDate "2018.10.10"]
[SourceQuality "1"]
[WhiteTeam "Helsinki Garde"]
[BlackTeam "Vantaa Remi"]
[WhiteTeamCountry "FIN"]
[BlackTeamCountry "FIN"]

1. e4 c5 2. Nf3 d6 3. d4 cxd4 4. Nxd4 Nf6 5. Nc3 a6 6. h3 e5 7. Nf3 b5 8. Bg5 Nbd7 9. a4 b4 10. Nd5 Bb7 11. Bc4 h6 12. Bxf6 Nxf6 13. Nxf6+ Qxf6 14. Bd5 Qe7 15. 0-0 Rc8 16. c3 bxc3 17. bxc3 Qc7 18. c4 Be7 19. Rb1 Bc6 20. a5 Qxa5 21. Ra1 Qb6 22. Qd2 Bxd5 23. cxd5 0-0 24. Rfb1 Qa7 25. Qa5 Rc2 26. Qb6 Qxb6 27. Rxb6 a5 28. Rb7 Bd8 29. Rd7 Bb6 30. Rxd6 Bxf2+ 31. Kh2 f5 32. Rc6 Rxc6 33. dxc6 fxe4 34. Nxe5 Bb6 35. Nc4 Bc7+ 36. Kg1 Rf6 37. Nxa5 e3 38. Nc4 Bg3 39. c7 Rf8 40. c8Q Bf2+ 41. Kf1 Rxc8 42. Rc1 Ra8 43. Rc2 Ra1+ 44. Ke2 Re1+ 45. Kf3 Bg1 46. Re2 Rf1+ 47. Ke4 Rf2 48. Kd3 Rxe2 49. Kxe2 1/2-1/2

[Event "FIN-ch"]
[Site "Helsinki"]
[Date "2011.06.19"]
[Round "9"]
[White "Maki Uuro, Miika"]
[Black "Nouro, Mikael"]
[Result "1/2-1/2"]
[WhiteElo "2335"]
[BlackElo "2340"]
[PlyCount "46"]
[EventDate "2011.06.11"]
[EventType "tourn"]
[EventRounds "9"]
[EventCountry "FIN"]
[SourceTitle "EXT 2022"]
[Source "ChessBase"]
[SourceDate "2021.10.06"]
[SourceVersion "1"]
[SourceVersionDate "2021.10.06"]
[SourceQuality "1"]

1. d4 Nf6 2. Bg5 d5 3. Bxf6 exf6 4. e3 Bd6 5. g3 c6 6. Bg2 f5 7. Nd2 Nd7 8. Ne2 Nf6 9. c4 dxc4 10. Nxc4 Bb4+ 11. Nc3 Be6 12. Nd2 0-0 13. 0-0 c5 14. dxc5 Bxc3 15. bxc3 Bd5 16. Nb3 Bxg2 17. Kxg2 Ne4 18. Qf3 g6 19. h4 Qe7 20. c6 bxc6 21. c4 a5 22. Rfd1 c5 23. Nd2 Nc3 1/2-1/2

[Event "FIN-ch"]
[Site "Helsinki"]
[Date "2011.06.18"]
[Round "8"]
[White "Nouro, Mikael"]
[Black "Kekki, Petri"]
[Result "1-0"]
[WhiteElo "2340"]
[BlackElo "2356"]
[PlyCount "121"]
[EventDate "2011.06.11"]
[EventType "tourn"]
[EventRounds "9"]
[EventCountry "FIN"]
[SourceTitle "EXT 2022"]
[Source "ChessBase"]
[SourceDate "2021.10.06"]
[SourceVersion "1"]
[SourceVersionDate "2021.10.06"]
[SourceQuality "1"]

1. e4 e6 2. d4 d5 3. Nc3 Bb4 4. Nge2 dxe4 5. a3 Bxc3+ 6. Nxc3 Nc6 7. Bb5 Nge7 8. Bg5 f6 9. Be3 0-0 10. Nxe4 f5 11. Ng5 f4 12. Bd2 Qd5 13. Bxc6 Nxc6 14. Nf3 Nxd4 15. Nxd4 Qxd4 16. Bb4 Qe5+ 17. Kf1 Re8 18. Bc3 Qb5+ 19. Kg1 e5 20. Qh5 g6 21. Qg5 Bf5 22. h4 h5 23. Re1 Re6 24. g3 fxg3 25. fxg3 Rf8 26. Rh2 Bg4 27. Rd2 Ref6 28. Rd3 Qb6+ 29. Qe3 Bf5 30. Qxb6 Rxb6 31. Rd5 e4 32. Re5 Kf7 33. Rd1 Rd6 34. Red5 Rxd5 35. Rxd5 c6 36. Rd2 Ke6 37. Bd4 a6 38. Be3 Bg4 39. Bf4 Rf7 40. Kf2 g5 41. hxg5 Kf5 42. Ke3 Bf3 43. Rd6 Bg2 44. a4 Bf3 45. a5 Bg2 46. Rh6 Bf3 47. Kd4 Bd1 48. c4 Rd7+ 49. Kc5 Re7 50. Rf6+ Kg4 51. g6 Rg7 52. Kd4 c5+ 53. Ke3 Bb3 54. Be5 Kg5 55. Rb6 Rxg6 56. Rxb3 Kf5 57. Bb8 Rg7 58. Rb6 Re7 59. Rd6 Kg4 60. Rd5 Re8 61. Bf4 1-0

[Event "FIN-ch"]
[Site "Helsinki"]
[Date "2011.06.12"]
[Round "2"]
[White "Karttunen, Mika"]
[Black "Nouro, Mikael"]
[Result "1-0"]
[WhiteElo "2419"]
[BlackElo "2340"]
[PlyCount "63"]
[EventDate "2011.06.11"]
[EventType "tourn"]
[EventRounds "9"]
[EventCountry "FIN"]
[SourceTitle "EXT 2022"]
[Source "ChessBase"]
[SourceDate "2021.10.06"]
[SourceVersion "1"]
[SourceVersionDate "2021.10.06"]
[SourceQuality "1"]

1. e4 e5 2. Bc4 Nf6 3. d3 c6 4. Nf3 d5 5. Bb3 Bb4+ 6. c3 Bd6 7. Bg5 dxe4 8. dxe4 h6 9. Bh4 Qe7 10. Nbd2 Nbd7 11. Nc4 Bc7 12. Nfd2 a5 13. Ne3 Nc5 14. Bc2 g5 15. Bg3 h5 16. f3 h4 17. Bf2 b6 18. Qe2 Ba6 19. Ndc4 0-0-0 20. b4 axb4 21. cxb4 Ncxe4 22. Nd6+ Nxd6 23. Qxa6+ Kd7 24. 0-0 e4 25. Rad1 Ra8 26. Qe2 Rxa2 27. fxe4 Nfxe4 28. Nf5 Rxc2 29. Qxc2 Qe5 30. Bd4 Qe8 31. Bxh8 Qxh8 32. Qxe4 1-0